Рабочий класс в первой российской революции 1905-1907 гг. (Запись № 11634353)
[ простой вид ]
| 000 -МАРКЕР | |
|---|---|
| контрольное поле | 01930nam0a2200373 4500 |
| 001 - ИДЕНТИФИКАТОР ЗАПИСИ | |
| контрольное поле | RU\NLR\BIBL_A\011427252 |
| 005 - ИДЕНТИФИКАТОР ВЕРСИИ | |
| контрольное поле | 20260408183721.0 |
| 035 ## - ДРУГИЕ СИСТЕМНЫЕ НОМЕРА | |
| Идентификатор записи | (NLR Aleph) 011427252 |
| 100 ## - ДАННЫЕ ОБЩЕЙ ОБРАБОТКИ | |
| Данные общей обработки | 20170627d1981 |||y0rusy50 ca |
| 101 0# - ЯЗЫК РЕСУРСА | |
| Язык текста, звукозаписи и т.д. | русский |
| 102 ## - СТРАНА ПУБЛИКАЦИИ ИЛИ ПРОИЗВОДСТВА | |
| Страна публикации | Российская Федерация |
| 105 ## - ПОЛЕ КОДИРОВАННЫХ ДАННЫХ: ТЕКСТОВЫЕ МАТЕРИАЛЫ, МОНОГРАФИЧЕСКИЕ | |
| Кодированные данные о монографическом текстовом документе | abc z 001zy |
| 200 1# - ЗАГЛАВИЕ И СВЕДЕНИЯ ОБ ОТВЕТСТВЕННОСТИ | |
| Основное заглавие | Рабочий класс в первой российской революции 1905-1907 гг. |
| Первые сведения об ответственности | [В. И. Бовыкин, Г. М. Деренковский, А. П. Корелин и др.] |
| Последующие сведения об ответственности | Редкол.: Бовыкин В. И. (отв. ред.) и др. |
| -- | АН СССР, Ин-т истории СССР, ВЦСПС, Высш. школа профдвижения |
| 210 ## - ПУБЛИКАЦИЯ, РАСПРОСТРАНЕНИЕ И ДР. | |
| Место издания, распространения и т.д. | М. |
| Имя издателя, распространителя и т. д. | Наука |
| Дата издания, распространения и т.д. | 1981 |
| 215 ## - ФИЗИЧЕСКАЯ ХАРАКТЕРИСТИКА | |
| Специфическое обозначение материала и объем | 432 с., 3 л. портр., карт. |
| Другие сведения о физической характеристике | ил. |
| Размеры | 25 |
| 225 1# - СЕРИЯ | |
| Основное заглавие серии | История рабочего класса СССР |
| Сведения об ответственности | Редкол.: Хромов С. С., Нарочницкий А. Л. (председатели) и др. |
| 300 ## - ОБЩИЕ ПРИМЕЧАНИЯ | |
| Текст примечания | Авт. указаны на 26-й с. |
| 320 ## - ПРИМЕЧАНИЯ О НАЛИЧИИ В ДОКУМЕНТЕ БИБЛИОГРАФИИ / УКАЗАТЕЛЯ | |
| Текст примечания | Библиогр.: с. 418-426 |
| 320 ## - ПРИМЕЧАНИЯ О НАЛИЧИИ В ДОКУМЕНТЕ БИБЛИОГРАФИИ / УКАЗАТЕЛЯ | |
| Текст примечания | Библиогр. в примеч.: с. 378-411 |
| 320 ## - ПРИМЕЧАНИЯ О НАЛИЧИИ В ДОКУМЕНТЕ БИБЛИОГРАФИИ / УКАЗАТЕЛЯ | |
| Текст примечания | Указ. имен: с. 427-429 |
| 606 1# - НАИМЕНОВАНИЕ ТЕМЫ КАК ПРЕДМЕТ | |
| Наименование темы | Буржуазно-демократическая революция |
| Хронологический подзаголовок | 1905 - 1907 |
| Системный номер авторитетной/нормативной записи | 1000004 |
| Идентификатор авторитетной/нормативной записи | RU\NLR\AUTH\6661312 |
| 606 ## - НАИМЕНОВАНИЕ ТЕМЫ КАК ПРЕДМЕТ | |
| Наименование темы | Рабочее движение |
| Географический подзаголовок | Россия |
| Хронологический подзаголовок | 1905 |
| Системный номер авторитетной/нормативной записи | 1713289 |
| Идентификатор авторитетной/нормативной записи | RU\NLR\AUTH\661061316 |
| 686 1# - ИНДЕКСЫ ДРУГИХ КЛАССИФИКАЦИЙ | |
| Индекс | Т3(2)522.9-42 |
| 701 #1 - ИМЯ ЛИЦА - АЛЬТЕРНАТИВНАЯ ОТВЕТСТВЕННОСТЬ | |
| Начальный элемент ввода | Бовыкин |
| Часть имени, кроме начального элемента ввода | В. И. |
| Расширение инициалов личного имени | Валерий Иванович |
| Код отношения | Автор |
| -- | Редактор |
| 701 #1 - ИМЯ ЛИЦА - АЛЬТЕРНАТИВНАЯ ОТВЕТСТВЕННОСТЬ | |
| Начальный элемент ввода | Деренковский |
| Часть имени, кроме начального элемента ввода | Г. М. |
| 701 #1 - ИМЯ ЛИЦА - АЛЬТЕРНАТИВНАЯ ОТВЕТСТВЕННОСТЬ | |
| Начальный элемент ввода | Корелин |
| Часть имени, кроме начального элемента ввода | А. П. |
| Даты | 1933- |
| Расширение инициалов личного имени | Авенир Павлович |
| 712 02 - НАИМЕНОВАНИЕ ОРГАНИЗАЦИИ - ВТОРИЧНАЯ ОТВЕТСТВЕННОСТЬ | |
| Начальный элемент ввода | Институт истории СССР |
| Идентифицирующий признак | Москва |
| Системный номер авторитетной/нормативной записи | 278005 |
| Идентификатор авторитетной/нормативной записи | RU\NLR\AUTH\883382 |
| 852 ## - МЕСТОНАХОЖДЕНИЕ И ШИФР ХРАНЕНИЯ | |
| Идентификатор организации | NLR |
| Шифр хранения (Call Number) | 82-7/58 |
| 942 ## - ДОПОЛНИТЕЛЬНЫЕ ЭЛЕМЕНТЫ ЗАПИСИ (АБИС) | |
| Тип экземпляра АБИС | Книга |
| 980 ## - КОЛЛЕКЦИЯ | |
| Название коллекции | Национальная библиография |
Нет доступных экземпляров.